000 00702nam a2200241 u 4500
005 20240228063619.0
008 150116s2006 es r 000 0 spa d
020 _a8496388247
035 _aUPN01000201244
049 _aI
050 4 _aPZ7
_bM3.33
100 1 _aMari, Iela
_936625
245 1 3 _aEl globito rojo /
_cIela Mari.
260 _aSevilla, Esp. :
_bKalandraka,
_c2006.
300 _a[30] p. :
_bprincipalmente il. col.
440 0 _aLibros para soƱar
534 _pTitulo original:
_tLes aventures d'une petite bulle ronge
650 2 _aLibros ilustrados
_99170
650 4 _aLiteratura infantil francesa
_913687
905 _aInfantil
999 _c173345
_d173345